[Event "25. Open Internacional de Parla 2010"]
[Site "Parla ESP"]
[Date "2010.09.07"]
[Round "4.11"]
[White "Roa Alonso, Santiago"]
[Black "Ruiz Sanchez, Roberto"]
[Result "1-0"]
[WhiteElo "2454"]
[BlackElo "2079"]
[PlyCount "75"]
[EventDate "2010.09.04"]
[EventType "swiss"]
[EventRounds "9"]
[EventCountry "ESP"]
[Source "lmi"]
[SourceDate "2010.09.04"]

1. e4 d6 2. d4 Nf6 3. Nc3 c6 4. Nf3 Bg4 5. Be2 e6 6. h3 Bh5 7. g4 Bg6 8. Bg5
Be7 9. Bxf6 Bxf6 10. Qd3 Nd7 11. Qe3 h6 12. h4 Qb6 13. O-O-O e5 14. Bc4 O-O-O
15. h5 Bh7 16. Bxf7 exd4 17. Nxd4 Rdf8 18. g5 Bxd4 19. Rxd4 Rxf7 20. g6 Bxg6
21. hxg6 Rf6 22. Rhd1 Rxg6 23. f4 Nc5 24. f5 Rf6 25. Qg3 Qc7 26. Rxd6 Re8 27.
e5 Rxf5 28. b4 Ne6 29. Ne4 Kb8 30. Qb3 Rxe5 31. Rd7 Qc8 32. Qg3 Nf8 33. Nc5 b6
34. Rb7+ Ka8 35. Qa3 a5 36. Rxb6 R8e7 37. Rxc6 Qb8 38. Ra6+ 1-0

[Event "25. Open Internacional de Parla 2010"]
[Site "Parla ESP"]
[Date "2010.09.07"]
[Round "4.12"]
[White "Martin Duque, Jesus"]
[Black "Hernando Pertierra, Jose Carlos"]
[Result "0-1"]
[WhiteElo "2073"]
[BlackElo "2386"]
[PlyCount "84"]
[EventDate "2010.09.04"]
[EventType "swiss"]
[EventRounds "9"]
[EventCountry "ESP"]
[Source "lmi"]
[SourceDate "2010.09.04"]

1. e4 c6 2. d4 g6 3. Nd2 d6 4. c3 Bg7 5. Bd3 Nf6 6. Ne2 O-O 7. O-O e5 8. h3
Nbd7 9. Nf3 d5 10. Nxe5 Nxe5 11. dxe5 Nxe4 12. Bxe4 dxe4 13. Qd4 Qxd4 14. cxd4
c5 15. Bf4 h5 16. Bg3 cxd4 17. Nxd4 f5 18. exf6 Bxf6 19. Rad1 Bd7 20. Rfe1 Rfe8
21. b3 Rac8 22. Re3 Rc5 23. Ne2 Bb5 24. a4 Bc6 25. Rd6 Be7 26. Rd4 a5 27. Bd6
Rd5 28. Rxd5 Bxd5 29. Bxe7 Rxe7 30. Ng3 Kf7 31. Kf1 Re6 32. Ke2 Rb6 33. Nxe4
Bxb3 34. Ng5+ Kf6 35. Nf3 Bxa4 36. Re5 Bb5+ 37. Kd2 a4 38. Nd4 a3 39. Nxb5 a2
40. Re1 Rxb5 41. Kc2 Re5 42. Ra1 Re2+ 0-1

[Event "25. Open Internacional de Parla 2010"]
[Site "Parla ESP"]
[Date "2010.09.04"]
[Round "4.13"]
[White "Cabañas Bravo, Juan Andres"]
[Black "Rodriguez Lopez, Rafael"]
[Result "0-1"]
[WhiteElo "2049"]
[BlackElo "2314"]
[PlyCount "56"]
[EventDate "2010.09.04"]
[EventType "swiss"]
[EventRounds "9"]
[EventCountry "ESP"]
[Source "lmi"]
[SourceDate "2010.09.04"]

1. e4 e5 2. f4 d5 3. Nf3 exf4 4. exd5 Nf6 5. Bb5+ c6 6. dxc6 Nxc6 7. d4 Bd6 8.
O-O O-O 9. Bxc6 bxc6 10. Nbd2 c5 11. c3 Ba6 12. Re1 Re8 13. Nb3 Rxe1+ 14. Qxe1
cxd4 15. Nbxd4 Qb6 16. Kh1 Re8 17. Qd1 Ne4 18. Qa4 Re6 19. Qb3 Qc5 20. Bd2 Nxd2
21. Nxd2 Re3 22. Qa4 Bd3 23. Qd7 g6 24. Rd1 Be5 25. Nc6 Be2 26. Nxe5 Qxe5 27.
Rg1 f3 28. gxf3 Rd3 0-1

[Event "25. Open Internacional de Parla 2010"]
[Site "Parla ESP"]
[Date "2010.09.07"]
[Round "4.14"]
[White "Longa Yauca, Javier"]
[Black "Lopez Heras, Arturo"]
[Result "1-0"]
[WhiteElo "2313"]
[BlackElo "2013"]
[PlyCount "81"]
[EventDate "2010.09.04"]
[EventType "swiss"]
[EventRounds "9"]
[EventCountry "ESP"]
[Source "lmi"]
[SourceDate "2010.09.04"]

1. d4 Nf6 2. Nf3 g6 3. c4 Bg7 4. Nc3 d5 5. Qb3 dxc4 6. Qxc4 O-O 7. e4 Nc6 8.
Bf4 Nh5 9. Be3 Bg4 10. O-O-O a6 11. h3 Bxf3 12. gxf3 Qd6 13. e5 Qb4 14. a3 Qxc4
15. Bxc4 e6 16. Ne4 Rfd8 17. Ng3 Nxg3 18. fxg3 Ne7 19. Kb1 Rd7 20. g4 Rad8 21.
Rc1 h6 22. Bb3 Nc6 23. Ba4 Rxd4 24. Bxd4 Nxd4 25. Rxc7 Nxf3 26. Rxb7 Bxe5 27.
Rd1 Nd2+ 28. Ka2 Bf4 29. Rd7 Rxd7 30. Bxd7 e5 31. b4 e4 32. Bc8 e3 33. Bxa6 Ne4
34. Kb2 Nf2 35. Rd8+ Kg7 36. Bf1 Ne4 37. Kc2 Ng3 38. Bd3 f5 39. a4 Kf6 40. a5
fxg4 41. hxg4 1-0

[Event "25. Open Internacional de Parla 2010"]
[Site "Parla ESP"]
[Date "2010.09.07"]
[Round "4.15"]
[White "Sanchez Garcia, Manuel"]
[Black "Sanchez Gonzalez, Sergio"]
[Result "0-1"]
[WhiteElo "2002"]
[BlackElo "2288"]
[PlyCount "84"]
[EventDate "2010.09.04"]
[EventType "swiss"]
[EventRounds "9"]
[EventCountry "ESP"]
[Source "lmi"]
[SourceDate "2010.09.04"]

1. Nf3 Nf6 2. g3 b6 3. Bg2 Bb7 4. c4 c5 5. Nc3 e6 6. e3 d5 7. cxd5 exd5 8. d4
c4 9. O-O Be7 10. Ne5 O-O 11. b3 cxb3 12. axb3 Nbd7 13. Nxd7 Qxd7 14. Ba3 Bxa3
15. Rxa3 Rfc8 16. Qd3 a5 17. Rc1 b5 18. Raa1 Bc6 19. e4 b4 20. Nxd5 Nxd5 21.
exd5 Bxd5 22. Bxd5 Qxd5 23. h4 h6 24. Rxc8+ Rxc8 25. Re1 g6 26. Qe3 Kg7 27.
Qe5+ Qxe5 28. Rxe5 Rc1+ 29. Kg2 Ra1 30. Kf3 Ra3 31. Ke2 f6 32. Re7+ Kf8 33. Ra7
f5 34. d5 Ke8 35. Kd2 Kd8 36. d6 Rxb3 37. Rxa5 Rb2+ 38. Ke3 Rb1 39. h5 gxh5 40.
Rxf5 b3 41. Rxh5 b2 42. Kf3 Re1 0-1

[Event "25. Open Internacional de Parla 2010"]
[Site "Parla ESP"]
[Date "2010.09.07"]
[Round "4.16"]
[White "Bote Kobolo, Benjamin"]
[Black "Madina Yadarola, Martin"]
[Result "0-1"]
[WhiteElo "1969"]
[BlackElo "2254"]
[PlyCount "80"]
[EventDate "2010.09.04"]
[EventType "swiss"]
[EventRounds "9"]
[EventCountry "ESP"]
[Source "lmi"]
[SourceDate "2010.09.04"]

1. e4 d6 2. Nc3 c6 3. Nf3 Bg4 4. h3 Bh5 5. d4 Nd7 6. Be3 e6 7. Bd3 d5 8. exd5
cxd5 9. Qe2 Bb4 10. Bd2 Bxc3 11. Bxc3 Qb6 12. a4 a5 13. g4 Bg6 14. Bb5 f6 15.
Ra3 Qd6 16. Rb3 Ne7 17. h4 O-O 18. Kd1 Nc6 19. Bd3 Bxd3 20. Qxd3 e5 21. dxe5
fxe5 22. Ng5 Nf6 23. Rxb7 h6 24. Qg6 Ne7 25. Qd3 hxg5 26. hxg5 Ne4 27. Kc1 Nxc3
28. Qh7+ Kf7 29. Rh6 Ne4 30. Rxd6 Nxd6 31. Qh5+ Ke6 32. Rxe7+ Kxe7 33. Qg6 Rxf2
34. Qxg7+ Ke6 35. Qg6+ Kd7 36. Qd3 Rc8 37. c3 Rh8 38. Qxd5 e4 39. Qd1 e3 40.
Qd5 e2 0-1

[Event "25. Open Internacional de Parla 2010"]
[Site "Parla ESP"]
[Date "2010.09.07"]
[Round "4.17"]
[White "Ledo Galan, Jose Emilio"]
[Black "Ramirez Garcia, Jorge Alberto"]
[Result "1/2-1/2"]
[WhiteElo "1963"]
[BlackElo "2246"]
[PlyCount "187"]
[EventDate "2010.09.04"]
[EventType "swiss"]
[EventRounds "9"]
[EventCountry "ESP"]
[Source "lmi"]
[SourceDate "2010.09.04"]

1. e4 c5 2. Nf3 d6 3. d4 cxd4 4. Nxd4 Nf6 5. Nc3 g6 6. g3 Bg7 7. Bg2 O-O 8. O-O
a6 9. a4 Qc7 10. Nd5 Nxd5 11. exd5 Nd7 12. Re1 Nf6 13. a5 Re8 14. c3 Bd7 15. h3
Rac8 16. Be3 b6 17. axb6 Qxb6 18. Qe2 Bb5 19. Nxb5 Qxb5 20. Rxa6 Rb8 21. Qxb5
Rxb5 22. b4 Nd7 23. Bd2 Kf8 24. Ra7 Ne5 25. f4 Nc4 26. Bf1 Rxd5 27. Bxc4 Rxd2
28. Re3 e6 29. b5 d5 30. Bf1 d4 31. Rd3 Rxd3 32. Bxd3 dxc3 33. Kf1 Rd8 34. Ke2
Bd4 35. Rb7 Ra8 36. Bc2 Kg7 37. Kd3 Rd8 38. Bb3 Rd6 39. Kc4 Bf2 40. g4 c2 41.
Bxc2 Rd4+ 42. Kc3 Rxf4 43. Bd1 Re4 44. Rd7 Kf6 45. Kd2 Re3 46. b6 Rxh3 47. b7
Bg3 48. Be2 Bf4+ 49. Kc2 Rh2 50. Kd1 Rh1+ 51. Kc2 Rc1+ 52. Kb2 Rc6 53. Bf3 Rb6+
54. Kc2 Rb5 55. Kd3 h5 56. Kc4 Rg5 57. Rd4 Bg3 58. Rd3 hxg4 59. Bh1 Be5 60. Re3
Bb8 61. Ra3 Rh5 62. Be4 Ke5 63. Ra8 Rh8 64. Kd3 Rd8+ 65. Ke3 f5 66. Bc6 Kd6 67.
Ra6 Kc7 68. Bg2 Rd6 69. Ra4 Kd7 70. Ra8 Bc7 71. b8=Q Bxb8 72. Rxb8 e5 73. Rg8
Ke7 74. Bb7 Rb6 75. Bd5 Ra6 76. Rb8 Ra3+ 77. Kf2 Ra6 78. Kg3 Kf6 79. Kh4 e4 80.
Bb3 Ke5 81. Kg3 Ra3 82. Rb5+ Kf6 83. Kf4 g5+ 84. Kg3 e3 85. Bc4 Ra4 86. Bd3 Rf4
87. Be2 Rf2 88. Bd3 f4+ 89. Kxg4 e2 90. Bxe2 Rxe2 91. Rf5+ Ke6 92. Rxg5 Rg2+
93. Kxf4 Rxg5 94. Kxg5 1/2-1/2

[Event "25. Open Internacional de Parla 2010"]
[Site "Parla ESP"]
[Date "2010.09.07"]
[Round "4.18"]
[White "Sanchez Rodriguez, Jaime"]
[Black "Castaño Vanegas, Henry Augusto"]
[Result "0-1"]
[WhiteElo "1958"]
[BlackElo "2205"]
[PlyCount "68"]
[EventDate "2010.09.04"]
[EventType "swiss"]
[EventRounds "9"]
[EventCountry "ESP"]
[Source "lmi"]
[SourceDate "2010.09.04"]

1. d4 Nf6 2. Bg5 c5 3. d5 Ne4 4. h4 Qb6 5. Nd2 Nxd2 6. Bxd2 Qxb2 7. e4 Qe5 8.
Bd3 c4 9. f4 Qc7 10. Be2 e6 11. Rh3 exd5 12. exd5 Bc5 13. Nf3 O-O 14. c3 Re8
15. Nd4 d6 16. Re3 Rxe3 17. Bxe3 Qe7 18. Bf2 Bg4 19. Rb1 Nd7 20. Kf1 Bxe2+ 21.
Qxe2 Qxe2+ 22. Nxe2 Bxf2 23. Kxf2 Nc5 24. Kf3 Re8 25. g3 b6 26. Rd1 h5 27. Rd2
Ne4 28. Rd4 f5 29. Rd1 g6 30. Rc1 Nf6 31. Rd1 Ng4 32. Rd2 Re3+ 33. Kg2 Rd3 34.
Rb2 Ne3+ 0-1

[Event "25. Open Internacional de Parla 2010"]
[Site "Parla ESP"]
[Date "2010.09.07"]
[Round "4.19"]
[White "Ramirez Bulnes, Joaquin"]
[Black "Bote Alvarez-Carrasco, Valentin"]
[Result "0-1"]
[WhiteElo "1946"]
[BlackElo "2190"]
[PlyCount "64"]
[EventDate "2010.09.04"]
[EventType "swiss"]
[EventRounds "9"]
[EventCountry "ESP"]
[Source "lmi"]
[SourceDate "2010.09.04"]

1. c4 c6 2. Nc3 d5 3. d4 Nf6 4. Nf3 a6 5. Bf4 dxc4 6. Bxb8 Rxb8 7. Ne5 e6 8. e3
Be7 9. Bxc4 O-O 10. O-O Qc7 11. Rc1 c5 12. Be2 cxd4 13. Nd5 Qxe5 14. Nxe7+ Kh8
15. Qxd4 Qxd4 16. exd4 Bd7 17. Rc7 Rfe8 18. Nf5 exf5 19. Bf3 b6 20. Bb7 a5 21.
Ba6 Be6 22. b3 Nd5 23. Rcc1 g6 24. Bc4 Kg7 25. Bxd5 Bxd5 26. f3 Rbc8 27. Kf2
Kf6 28. Rfd1 Ke6 29. Re1+ Kd6 30. Rxc8 Rxc8 31. Re2 Rc3 32. Rd2 f4 0-1

[Event "25. Open Internacional de Parla 2010"]
[Site "Parla ESP"]
[Date "2010.09.07"]
[Round "4.20"]
[White "Garcia Salamero, Gabriel"]
[Black "Camarero Izquierdo, Juan Carlos"]
[Result "1-0"]
[WhiteElo "2180"]
[BlackElo "1941"]
[PlyCount "51"]
[EventDate "2010.09.04"]
[EventType "swiss"]
[EventRounds "9"]
[EventCountry "ESP"]
[Source "lmi"]
[SourceDate "2010.09.04"]

1. e4 c5 2. Nf3 d6 3. d4 cxd4 4. Nxd4 Nf6 5. Nc3 g6 6. g3 Bg7 7. Bg2 O-O 8. O-O
Nbd7 9. Nde2 Nc5 10. h3 Bd7 11. Nf4 Bc6 12. Nfd5 Rc8 13. Re1 a5 14. Kh2 b5 15.
f4 b4 16. Nxf6+ Bxf6 17. Nd5 Bxd5 18. Qxd5 Na4 19. Qb3 Nxb2 20. e5 dxe5 21.
fxe5 Rc3 22. exf6 Rxb3 23. fxe7 Qb8 24. exf8=Q+ Qxf8 25. axb3 Qg7 26. Re8+ 1-0

[Event "25. Open Internacional de Parla 2010"]
[Site "Parla ESP"]
[Date "2010.09.07"]
[Round "4.21"]
[White "Gutierrez Gonzalez, Francisco Javier"]
[Black "Alcaraz Amoros, Antonio"]
[Result "0-1"]
[WhiteElo "1918"]
[BlackElo "2143"]
[PlyCount "48"]
[EventDate "2010.09.04"]
[EventType "swiss"]
[EventRounds "9"]
[EventCountry "ESP"]
[Source "lmi"]
[SourceDate "2010.09.04"]

1. c4 c6 2. Nc3 d5 3. d4 Nf6 4. e3 e6 5. Bd3 Nbd7 6. Nge2 dxc4 7. Bxc4 b5 8.
Bd3 a6 9. O-O Bb7 10. Bd2 c5 11. Rc1 Bd6 12. e4 cxd4 13. Nxd4 Nc5 14. Bg5 Be5
15. Nce2 Ncxe4 16. Nf3 Nxg5 17. Nxg5 Ng4 18. Nf3 Bxf3 19. Qb3 Bd5 20. Qb4 Bxh2+
21. Kh1 Qh4 22. Bxb5+ axb5 23. Qxb5+ Kf8 24. Qc5+ Bd6+ 0-1

[Event "25. Open Internacional de Parla 2010"]
[Site "Parla ESP"]
[Date "2010.09.07"]
[Round "4.22"]
[White "Martin Garcia, Guillermo"]
[Black "Fernandez Lledo, Javier"]
[Result "0-1"]
[WhiteElo "1863"]
[BlackElo "2136"]
[PlyCount "66"]
[EventDate "2010.09.04"]
[EventType "swiss"]
[EventRounds "9"]
[EventCountry "ESP"]
[Source "lmi"]
[SourceDate "2010.09.04"]

1. e4 c5 2. c3 Nf6 3. e5 Nd5 4. d4 cxd4 5. Nf3 Nc6 6. cxd4 d6 7. Bb5 Bg4 8. O-O
Qb6 9. Bxc6+ bxc6 10. exd6 e6 11. d7+ Kd8 12. Nbd2 f6 13. Re1 Bb4 14. Qe2 Qc7
15. a3 Bxd2 16. Bxd2 Qxd7 17. Ba5+ Ke8 18. Rac1 Bxf3 19. Qxf3 Kf7 20. Rc2 Rab8
21. Rce2 Rhe8 22. g3 Rb5 23. b4 g6 24. Qg2 f5 25. Qh3 Nf6 26. Rd1 Rd5 27. Red2
Kg7 28. f4 Ng4 29. Rd3 e5 30. fxe5 Nxe5 31. Rb3 Rxd4 32. Rc1 Rd1+ 33. Kf2 Qd2#
0-1

[Event "25. Open Internacional de Parla 2010"]
[Site "Parla ESP"]
[Date "2010.09.07"]
[Round "4.23"]
[White "Sanchez-Guijaldo Vela, Demetrio"]
[Black "Rodriguez Dorado, Victor Manuel"]
[Result "0-1"]
[WhiteElo "2128"]
[BlackElo "1923"]
[PlyCount "52"]
[EventDate "2010.09.04"]
[EventType "swiss"]
[EventRounds "9"]
[EventCountry "ESP"]
[Source "lmi"]
[SourceDate "2010.09.04"]

1. e4 c6 2. f4 d5 3. e5 Bf5 4. d4 c5 5. dxc5 e6 6. Bd3 Bxd3 7. Qxd3 Nc6 8. Qb5
Qd7 9. Nf3 a6 10. Qb6 Nge7 11. O-O Nc8 12. Qb3 Bxc5+ 13. Be3 b6 14. Bf2 N8e7
15. Qd3 h5 16. Nbd2 Ng6 17. g3 h4 18. Nb3 hxg3 19. hxg3 Qa7 20. c3 Nce7 21.
Nbd4 b5 22. a4 bxa4 23. Rxa4 Bxd4 24. Nxd4 Qb7 25. b4 Rh3 26. Kg2 Nxf4+ 0-1

[Event "25. Open Internacional de Parla 2010"]
[Site "Parla ESP"]
[Date "2010.09.07"]
[Round "4.24"]
[White "Montañes Arribas, Adrian"]
[Black "Rodriguez Bachiller, Luis"]
[Result "1-0"]
[WhiteElo "2114"]
[BlackElo "1903"]
[PlyCount "81"]
[EventDate "2010.09.04"]
[EventType "swiss"]
[EventRounds "9"]
[EventCountry "ESP"]
[Source "lmi"]
[SourceDate "2010.09.04"]

1. e4 e6 2. d4 d5 3. Nd2 dxe4 4. Nxe4 Nd7 5. Nf3 Ngf6 6. Bd3 Be7 7. Qe2 Nxe4 8.
Qxe4 Nf6 9. Qh4 Qd5 10. O-O Qh5 11. Qg3 c6 12. Ne5 O-O 13. f4 Nd5 14. Bd2 f6
15. Ng4 Nb4 16. Be2 Qg6 17. c3 Nd5 18. Qh3 h5 19. Ne3 Nxe3 20. Bxe3 Qh7 21.
Qxh5 g6 22. Qxh7+ Kxh7 23. Bc4 b5 24. Bb3 a5 25. a3 Bd7 26. Rae1 b4 27. axb4
axb4 28. Bd2 e5 29. fxe5 fxe5 30. Rxf8 Bxf8 31. Rxe5 Ra1+ 32. Re1 Rxe1+ 33.
Bxe1 bxc3 34. bxc3 Bh6 35. Ba4 Kg7 36. d5 Kf6 37. Bxc6 Bxc6 38. dxc6 Bf4 39.
Bg3 Bxg3 40. hxg3 Ke6 41. Kf2 1-0

[Event "25. Open Internacional de Parla 2010"]
[Site "Parla ESP"]
[Date "2010.09.07"]
[Round "4.25"]
[White "Garcia-Ruiz Fuentes, Marcos"]
[Black "Garcia Lopez, Luis Manuel"]
[Result "1/2-1/2"]
[WhiteElo "1749"]
[BlackElo "2094"]
[PlyCount "79"]
[EventDate "2010.09.04"]
[EventType "swiss"]
[EventRounds "9"]
[EventCountry "ESP"]
[Source "lmi"]
[SourceDate "2010.09.04"]

1. e4 c5 2. Nf3 d6 3. d4 cxd4 4. Nxd4 Nf6 5. Nc3 g6 6. Be3 Bg7 7. f3 O-O 8. Qd2
Nc6 9. O-O-O d5 10. exd5 Nxd5 11. Nxd5 Qxd5 12. Nxc6 Qxc6 13. Bd3 Be6 14. Qa5
b6 15. Qb4 Rac8 16. Kb1 Qd5 17. Qa3 Rfd8 18. Be2 Qe5 19. Ba6 Rb8 20. Rxd8+ Rxd8
21. Bc1 Rd5 22. Bc4 Ra5 23. Qb3 Bxc4 24. Qxc4 Rc5 25. Qf4 Qxf4 26. Bxf4 e5 27.
Be3 Rd5 28. Kc1 f5 29. Rd1 Rxd1+ 30. Kxd1 Kf7 31. b3 Ke6 32. Kd2 Kd5 33. c4+
Kc6 34. Kd3 Bf8 35. h3 a6 36. Bf2 Ba3 37. Bg3 Bd6 38. Bf2 Ba3 39. Bg3 Bb2 40.
Bf2 1/2-1/2

[Event "25. Open Internacional de Parla 2010"]
[Site "Parla ESP"]
[Date "2010.09.07"]
[Round "4.26"]
[White "Prieto Martin, Alfonso"]
[Black "Garcia Salamero, Hector"]
[Result "1-0"]
[WhiteElo "2170"]
[BlackElo "1776"]
[PlyCount "97"]
[EventDate "2010.09.04"]
[EventType "swiss"]
[EventRounds "9"]
[EventCountry "ESP"]
[Source "lmi"]
[SourceDate "2010.09.04"]

1. d4 Nf6 2. c4 g6 3. Nc3 Bg7 4. e4 d6 5. f3 Nc6 6. Be3 e5 7. d5 Ne7 8. Qd2
Nfg8 9. g4 f5 10. gxf5 gxf5 11. Bg5 Nf6 12. O-O-O h6 13. Bh4 Ng6 14. Bf2 fxe4
15. Nxe4 Nxe4 16. fxe4 Bg4 17. Be2 Qd7 18. h3 Bxe2 19. Nxe2 O-O-O 20. Rhg1 Rdf8
21. Qe3 Qf7 22. Rdf1 b6 23. Qg3 Bf6 24. h4 Ne7 25. Be3 Kb7 26. Qh3 Qh5 27. Rg4
Bg5 28. Bxg5 Rxf1+ 29. Qxf1 Qxg4 30. Bxe7 Qxe4 31. Nc3 Qe3+ 32. Kc2 Rg8 33.
Bxd6 a5 34. Qf7 Rc8 35. Qd7 e4 36. Qc6+ Kb8 37. Ba3 Qd3+ 38. Kb3 e3 39. Qe6 a4+
40. Kb4 Qd2 41. Kxa4 Qc2+ 42. Kb5 Qd2 43. Ka6 Rh8 44. d6 Qg2 45. dxc7+ Kxc7 46.
Nd5+ Qxd5 47. Qxd5 e2 48. Qb7+ Kd8 49. Qe7+ 1-0

[Event "25. Open Internacional de Parla 2010"]
[Site "Parla ESP"]
[Date "2010.09.07"]
[Round "4.27"]
[White "Gonzalez Tedin, Antonio"]
[Black "Corisco Beltran, Rafael"]
[Result "1-0"]
[WhiteElo "2156"]
[BlackElo "1808"]
[PlyCount "93"]
[EventDate "2010.09.04"]
[EventType "swiss"]
[EventRounds "9"]
[EventCountry "ESP"]
[Source "lmi"]
[SourceDate "2010.09.04"]

1. c4 c5 2. g3 g6 3. Bg2 Bg7 4. Nc3 Nc6 5. Nf3 d6 6. O-O e5 7. d3 Nge7 8. a3
Rb8 9. Rb1 a5 10. Ne1 Be6 11. Nc2 d5 12. cxd5 Nxd5 13. Nxd5 Bxd5 14. b4 Bxg2
15. Kxg2 cxb4 16. axb4 axb4 17. Nxb4 O-O 18. Nxc6 Qd5+ 19. f3 Qxc6 20. Be3 Rfc8
21. Rb6 Qc2 22. Qxc2 Rxc2 23. Kf2 Rc6 24. Rb5 f5 25. Rfb1 e4 26. dxe4 fxe4 27.
f4 Rc7 28. R5b4 Re8 29. Rxb7 Rxb7 30. Rxb7 h5 31. Ba7 Bf6 32. Ke3 h4 33. gxh4
Bxh4 34. Bd4 Re6 35. Rb6 Kf7 36. Rxe6 Kxe6 37. Kxe4 Bd8 38. Be3 Be7 39. Bc1 Bd8
40. Kf3 Be7 41. e4 Bd8 42. Kg4 Kf6 43. Bb2+ Kf7 44. h4 Kg8 45. h5 gxh5+ 46.
Kxh5 Kf7 47. f5 1-0

[Event "25. Open Internacional de Parla 2010"]
[Site "Parla ESP"]
[Date "2010.09.07"]
[Round "4.28"]
[White "Rodrigo Yanguas, Maria"]
[Black "Prieto Velasco, Rafael"]
[Result "0-1"]
[WhiteElo "2095"]
[BlackElo "1758"]
[PlyCount "102"]
[EventDate "2010.09.04"]
[EventType "swiss"]
[EventRounds "9"]
[EventCountry "ESP"]
[Source "lmi"]
[SourceDate "2010.09.04"]

1. e4 e6 2. d4 d5 3. Nd2 Nf6 4. e5 Nfd7 5. Ngf3 c5 6. c3 Nc6 7. Bd3 f6 8. exf6
Nxf6 9. O-O cxd4 10. cxd4 Bd6 11. b3 O-O 12. Bb2 Bd7 13. Ne5 Be8 14. Re1 Nb4
15. Bb1 Bh5 16. Ndf3 Re8 17. a3 Nc6 18. h3 Bxe5 19. dxe5 Nd7 20. g4 Bf7 21. Bc1
Nf8 22. h4 Bg6 23. Ba2 h5 24. Ng5 hxg4 25. Qxg4 Bf5 26. Qg3 Bg6 27. Kh2 Nd4 28.
Bb1 Bxb1 29. Rxb1 Nf5 30. Qg4 Qb6 31. Rb2 Rac8 32. Rg1 Qd4 33. Qxd4 Nxd4 34.
Be3 Nf5 35. Bxa7 Nxh4 36. Kg3 Nfg6 37. f4 Nf5+ 38. Kg4 Nh6+ 39. Kg3 Rc3+ 40.
Nf3 Rf8 41. Be3 Rxe3 42. Kf2 Nf5 43. Rxg6 Rxf3+ 44. Kxf3 Nh4+ 45. Kg4 Nxg6 46.
Rf2 Nxe5+ 47. Kg5 Rf5+ 48. Kh4 d4 49. Rd2 Rxf4+ 50. Kg5 Rf5+ 51. Kh4 d3 0-1

[Event "25. Open Internacional de Parla 2010"]
[Site "Parla ESP"]
[Date "2010.09.07"]
[Round "4.29"]
[White "Castejon Caballero, Andres"]
[Black "Fernandez Gil, Ruben C"]
[Result "1-0"]
[WhiteElo "2077"]
[BlackElo "1719"]
[PlyCount "95"]
[EventDate "2010.09.04"]
[EventType "swiss"]
[EventRounds "9"]
[EventCountry "ESP"]
[Source "lmi"]
[SourceDate "2010.09.04"]

1. e4 e6 2. d3 d5 3. Nd2 Nf6 4. g3 Nc6 5. Bg2 Bc5 6. Ngf3 dxe4 7. dxe4 e5 8.
O-O O-O 9. c3 Bg4 10. b4 Bd6 11. Qc2 Qe7 12. Nc4 Rad8 13. a4 Qe6 14. Nxd6 Rxd6
15. b5 Ne7 16. Ba3 Rd7 17. Ng5 Qc4 18. f3 Be6 19. Nxe6 Qxe6 20. Rfd1 Rfd8 21.
Bf1 Qb6+ 22. Kg2 Ng6 23. Rxd7 Rxd7 24. Rd1 Qe6 25. Rxd7 Nxd7 26. c4 b6 27. h4
Nc5 28. Bxc5 bxc5 29. Qd2 Nf8 30. a5 Qd7 31. Qd5 h6 32. Kh2 Qxd5 33. exd5 Nd7
34. Bh3 Nb8 35. Bc8 Kf8 36. h5 Ke7 37. a6 Nd7 38. Bxd7 Kxd7 39. Kg2 g6 40. f4
Kd6 41. hxg6 fxg6 42. Kf3 h5 43. Ke4 exf4 44. gxf4 h4 45. Kf3 h3 46. Kg3 Ke7
47. Kxh3 Kf6 48. d6 1-0

[Event "25. Open Internacional de Parla 2010"]
[Site "Parla ESP"]
[Date "2010.09.07"]
[Round "4.30"]
[White "Callejo Hernanz, Jesus Maria"]
[Black "Gomez Gonzalez, Javier"]
[Result "0-1"]
[WhiteElo "1815"]
[BlackElo "2016"]
[PlyCount "76"]
[EventDate "2010.09.04"]
[EventType "swiss"]
[EventRounds "9"]
[EventCountry "ESP"]
[Source "lmi"]
[SourceDate "2010.09.04"]

1. d4 Nf6 2. c4 e6 3. Nf3 b6 4. g3 Ba6 5. Qc2 Bb4+ 6. Bd2 Be7 7. Bg2 d5 8. O-O
Bxc4 9. Ne5 Bxe2 10. Re1 Ba6 11. Nc3 O-O 12. Rac1 c5 13. Be3 Bb7 14. dxc5 bxc5
15. Na4 c4 16. Red1 Qc7 17. Nd3 Nbd7 18. b3 Ba6 19. bxc4 Bxc4 20. Nab2 Rac8 21.
Qd2 Rfd8 22. Qe1 Ba3 23. Qc3 Bxb2 24. Qxb2 Qa5 25. Rc2 Qa4 26. Qc1 Ba6 27. Rxc8
Rxc8 28. Qa1 Rc2 29. a3 h6 30. Nb4 Rc7 31. Rd4 Bc4 32. Bf3 a5 33. Nd3 e5 34.
Nxe5 Nxe5 35. Bd1 Qc6 36. Qb2 Rb7 37. Qc3 Rb1 38. Kg2 Bf1+ 0-1

[Event "25. Open Internacional de Parla 2010"]
[Site "Parla ESP"]
[Date "2010.09.07"]
[Round "4.31"]
[White "Piña Sierra, Jesus"]
[Black "Rodriguez Lorenzo, Miguel"]
[Result "1-0"]
[WhiteElo "2013"]
[BlackElo "1684"]
[PlyCount "63"]
[EventDate "2010.09.04"]
[EventType "swiss"]
[EventRounds "9"]
[EventCountry "ESP"]
[Source "lmi"]
[SourceDate "2010.09.04"]

1. f4 d5 2. e3 Nf6 3. Nf3 Bg4 4. Be2 e6 5. b3 Nc6 6. Bb2 Be7 7. h3 Bh5 8. d3
O-O 9. Nbd2 Bc5 10. d4 Bd6 11. Ne5 Bxe2 12. Qxe2 Ne7 13. g4 Rc8 14. g5 Ne4 15.
Nxe4 dxe4 16. O-O-O c6 17. h4 Nf5 18. Rdg1 Bxe5 19. fxe5 g6 20. h5 Qa5 21. hxg6
fxg6 22. Kb1 Rfd8 23. Rh3 c5 24. Rgh1 Rd7 25. d5 Qa6 26. Qh2 Rcc7 27. d6 Nxd6
28. exd6 Qxd6 29. Qxd6 Rxd6 30. Be5 Rdd7 31. Bxc7 Rxc7 32. Rh4 1-0

[Event "25. Open Internacional de Parla 2010"]
[Site "Parla ESP"]
[Date "2010.09.07"]
[Round "4.32"]
[White "Suarez Prieto, Leopoldo"]
[Black "Vargas Huamani, Juan Carlos"]
[Result "0-1"]
[WhiteElo "1815"]
[BlackElo "2013"]
[PlyCount "114"]
[EventDate "2010.09.04"]
[EventType "swiss"]
[EventRounds "9"]
[EventCountry "ESP"]
[Source "lmi"]
[SourceDate "2010.09.04"]

1. e4 c5 2. f4 d5 3. e5 Bf5 4. d3 e6 5. Be3 Nc6 6. Nf3 Qb6 7. b3 d4 8. Bf2 Nge7
9. Be2 Nd5 10. Qc1 Qa5+ 11. Qd2 Qxd2+ 12. Nbxd2 Ncb4 13. Bd1 Nxf4 14. Nh4 Bg4
15. Bg3 Bxd1 16. Kxd1 Nbd5 17. Nc4 b5 18. Nd6+ Bxd6 19. exd6 Nc3+ 20. Kd2 Ncd5
21. a4 b4 22. a5 a6 23. Nf3 f6 24. h4 Nxg2 25. Rh2 Nge3 26. Rg1 Nf5 27. h5 Kf7
28. Nh4 Nxg3 29. Rxg3 g5 30. Nf3 h6 31. Rf2 Nf4 32. Kc1 Rad8 33. Nd2 Rxd6 34.
Nc4 Rd5 35. Kb1 Nxh5 36. Rg1 Nf4 37. Nb6 Rf5 38. Rgf1 h5 39. Nc4 Ke7 40. Nd2 h4
41. Nf3 h3 42. Nh2 Re5 43. Ka2 Re2 44. Ng4 f5 45. Rxe2 Nxe2 46. Ne5 Rg8 47. Rf2
Nc3+ 48. Ka1 g4 49. Rh2 f4 50. Kb2 Nd5 51. Nxg4 Rxg4 52. Rxh3 Rg1 53. Rh7+ Kf6
54. Rh6+ Kf5 55. Rh8 Nc3 56. Rf8+ Ke5 57. Rf5+ Kd6 0-1

[Event "25. Open Internacional de Parla 2010"]
[Site "Parla ESP"]
[Date "2010.09.07"]
[Round "4.34"]
[White "Alcazar Mata, Jesus"]
[Black "Tirado Parra, Alberto"]
[Result "1-0"]
[WhiteElo "1666"]
[BlackElo "1951"]
[PlyCount "55"]
[EventDate "2010.09.04"]
[EventType "swiss"]
[EventRounds "9"]
[EventCountry "ESP"]
[Source "lmi"]
[SourceDate "2010.09.04"]

1. e4 d5 2. exd5 Qxd5 3. Nc3 Qd6 4. d4 a6 5. Nf3 Nf6 6. h3 Nc6 7. Bg5 Bf5 8.
Bd3 Bg6 9. Bxg6 hxg6 10. Qd2 O-O-O 11. O-O-O Qb4 12. Qe3 Nd5 13. Nxd5 Rxd5 14.
Ne5 Nxe5 15. dxe5 Rb5 16. b3 Qa3+ 17. Kd2 f6 18. Qa7 fxg5 19. Ke2 Rxe5+ 20. Kf1
c5 21. g3 Qb4 22. c4 g4 23. h4 g5 24. Kg2 gxh4 25. Qa8+ Kc7 26. Qd8+ Kc6 27.
Rd7 Qa5 28. Qc8+ 1-0